000 00666nam a2200289Ia 4500
005 20260324130226.0
008 008 260324s9999 xx 000 0 eng d
020 _a9781003086390
037 _aEBOOK
040 _aCRL
040 _beng
040 _cCRL
041 _2eng
041 _aeng
084 _qCRL
100 _aMiriam Koktvedgaard Zeitzen
_91180976
245 0 _aPolygamy
245 2 _bA Cross-Cultural Analysis
260 _bTaylor and Francis
260 _c2008
365 _a
365 _b230
856 _uhttp://www.taylorfrancis.com/books/9781003086390
942 _cEBOOK
999 _c1776965
_d1776965